Jugando con fuego : (Registro nro. 31168)

Detalles MARC
000 -LEADER
fixed length control field 00701nam a22002177a 4500
003 - CONTROL NUMBER IDENTIFIER
control field OSt
005 - DATE AND TIME OF LATEST TRANSACTION
control field 20260406114016.0
008 - FIXED-LENGTH DATA ELEMENTS--GENERAL INFORMATION
fixed length control field 260406b |||||||| |||| 00| 0 eng d
020 ## - INTERNATIONAL STANDARD BOOK NUMBER
International Standard Book Number 958045874X
040 ## - CATALOGING SOURCE
Original cataloging agency CO-JMCR
Language of cataloging spa
Transcribing agency CO-JMCR
Modifying agency CO-JMCR
Description conventions rda
041 ## - LANGUAGE CODE
Language code of text/sound track or separate title spa
082 04 - DEWEY DECIMAL CLASSIFICATION NUMBER
Classification number 176
Item number R47j
100 1# - MAIN ENTRY--PERSONAL NAME
Personal name Riso, Walter,
9 (RLIN) 42091
245 10 - TITLE STATEMENT
Title Jugando con fuego :
Remainder of title amores clandestinos y otros enredos afectivos /
Statement of responsibility, etc. Walter Riso.
260 ## - PUBLICATION, DISTRIBUTION, ETC.
Place of publication, distribution, etc. Barcelona :
Name of publisher, distributor, etc. Grupo Editorial Norma,
300 ## - PHYSICAL DESCRIPTION
Extent 188 p. ;
Dimensions 19 cm.
650 #7 - SUBJECT ADDED ENTRY--TOPICAL TERM
Source of heading or term JMCR
Topical term or geographic name entry element Relaciones humanas
General subdivision Infidelidad
9 (RLIN) 44592
650 #7 - SUBJECT ADDED ENTRY--TOPICAL TERM
Source of heading or term JMCR
Topical term or geographic name entry element Autoayuda
General subdivision Relaciones de pareja
9 (RLIN) 44593
650 #7 - SUBJECT ADDED ENTRY--TOPICAL TERM
Source of heading or term JMCR
Topical term or geographic name entry element Aspectos morales
General subdivision Amor
9 (RLIN) 44594
942 ## - ADDED ENTRY ELEMENTS (KOHA)
Source of classification or shelving scheme Dewey Decimal Classification
Koha item type Books
Existencias
Withdrawn status Lost status Source of classification or shelving scheme Damaged status Not for loan Collection code Home library Current library Shelving location Date acquired Source of acquisition Total Checkouts Full call number Barcode Date last seen Copy number Price effective from Koha item type
    Dewey Decimal Classification     Non-fiction Biblioteca Pública José María del Castillo y Rada Biblioteca Pública José María del Castillo y Rada Book Cart 04/06/2026 Donación   176 R47j 201812205 04/06/2026 Ej.1 04/06/2026 Books